[Event "Wch Blitz (Women)"]
[Site "Samarkand"]
[Date "2023.12.30"]
[Round "11"]
[White "Borisova, Ekaterina"]
[Black "Badelka, Olga"]
[Result "1/2-1/2"]
[WhiteElo "2168"]
[BlackElo "2395"]
[PlyCount "110"]
[EventDate "2023.12.29"]
[EventType "swiss (blitz)"]
[EventRounds "17"]
[EventCountry "UZB"]
[SourceTitle "CB01_2024"]
[SourceDate "2024.01.03"]
[SourceVersion "1"]
[SourceVersionDate "2024.01.03"]
[SourceQuality "1"]

1. Nf3 d5 2. g3 c6 3. Bg2 g6 4. c4 Bg7 5. 0-0 Nf6 6. b3 0-0 7. Bb2 a5 8. d3 b5 9. Nbd2 Nbd7 10. Rc1 Bb7 11. Qc2 a4 12. cxb5 cxb5 13. Qc7 Rb8 14. Ba3 Re8 15. Qxd8 Rbxd8 16. Rc7 Ba8 17. Rfc1 axb3 18. Nxb3 Bf8 19. Nfd4 Rb8 20. Bh3 e6 21. Bxf8 Kxf8 22. Ra7 Rb7 23. Ra5 b4 24. Nb5 Rbb8 25. Nc7 Rec8 26. Nxa8 Rxa8 27. Rxc8+ Rxc8 28. Bf1 Rb8 29. e3 Ke7 30. d4 Kd6 31. Ra6+ Kc7 32. f3 Ne8 33. Ra7+ Kd8 34. Na5 Rb6 35. Ra8+ Ke7 36. Ra7 Nd6 37. Nb3 Kd8 38. Kf2 Nc4 39. Ra8+ Ke7 40. e4 Rb8 41. Ra7 Kd8 42. exd5 exd5 43. Bh3 Ncb6 44. Ke3 Rc8 45. Kd2 Rc3 46. f4 Rf3 47. Na5 Rf2+ 48. Ke3 Rxh2 49. Nc6+ Kc8 50. Bf1 Nc4+ 51. Bxc4 dxc4 52. Ne7+ Kd8 53. Nc6+ Kc8 54. Ne7+ Kd8 55. Nc6+ Kc8 1/2-1/2

[Event "Wch Blitz (Women)"]
[Site "Samarkand"]
[Date "2023.12.30"]
[Round "14"]
[White "Pourkashiyan, Atousa"]
[Black "Borisova, Ekaterina"]
[Result "0-1"]
[WhiteElo "2259"]
[BlackElo "2168"]
[PlyCount "140"]
[EventDate "2023.12.29"]
[EventType "swiss (blitz)"]
[EventRounds "17"]
[EventCountry "UZB"]
[SourceTitle "CB01_2024"]
[SourceDate "2024.01.03"]
[SourceVersion "1"]
[SourceVersionDate "2024.01.03"]
[SourceQuality "1"]

1. e4 e5 2. Nf3 Nc6 3. Bb5 a6 4. Ba4 f5 5. d3 fxe4 6. dxe4 Nf6 7. Nc3 d6 8. h3 Be7 9. 0-0 0-0 10. Be3 Qe8 11. Nd5 Nxd5 12. exd5 b5 13. dxc6 bxa4 14. Qd3 Qxc6 15. Ng5 Bf5 16. Qc3 Qxc3 17. bxc3 h6 18. Nf3 Bxc2 19. Nd2 Rab8 20. Rfc1 Bd3 21. c4 Rb2 22. Rc3 Bg6 23. Ra3 d5 24. c5 d4 25. Nc4 dxe3 26. Nxb2 exf2+ 27. Kf1 Bxc5 28. Rxa4 Be8 29. Re4 Bb5+ 30. Nc4 Bd4 31. Rc1 a5 32. a4 Ba6 33. Rc2 Rb8 34. Rxd4 exd4 35. Kxf2 Bxc4 36. Rxc4 Rb4 37. Rxc7 Rxa4 38. Rd7 Rb4 39. Ra7 a4 40. g4 Kh7 41. Ke2 Kg6 42. h4 Kf6 43. Kd3 Ke5 44. Rxg7 Rb3+ 45. Kd2 a3 46. g5 a2 47. Ra7 Rb2+ 48. Kd3 hxg5 49. hxg5 Rb3+ 50. Kd2 Rg3 51. Kd1 Ke4 52. Kc1 Rg1+ 53. Kb2 Rg2+ 54. Ka1 d3 55. Re7+ Kd4 56. g6 Rxg6 57. Kxa2 Rb6 58. Ka3 Kc3 59. Ka4 d2 60. Rc7+ Kd3 61. Rd7+ Kc2 62. Rc7+ Kd1 63. Ka3 Rb5 64. Ka2 Rb4 65. Ka3 Rb8 66. Ka2 Rb4 67. Ka3 Re4 68. Rh7 Kc2 69. Rc7+ Kd3 70. Rd7+ Rd4 0-1

[Event "Moscow Dokhoian Memorial Blitz"]
[Site "Moscow"]
[Date "2023.12.09"]
[Round "3"]
[White "Gunina, Valentina"]
[Black "Borisova, Ekaterina"]
[Result "1-0"]
[WhiteElo "2437"]
[BlackElo "2168"]
[PlyCount "59"]
[EventDate "2023.12.09"]
[EventType "tourn (blitz)"]
[EventRounds "11"]
[EventCountry "RUS"]
[EventCategory "5"]
[SourceTitle "CB50_2023"]
[SourceDate "2023.12.13"]
[SourceVersion "1"]
[SourceVersionDate "2023.12.13"]
[SourceQuality "1"]

1. d4 g6 2. c4 Bg7 3. e4 Nc6 4. Be3 e5 5. d5 Nd4 6. Nc3 c5 7. Nf3 d6 8. Bd3 Ne7 9. Ne2 h6 10. Nfxd4 cxd4 11. Bd2 f5 12. f3 0-0 13. Qc2 Bd7 14. 0-0 Rc8 15. b4 Qb6 16. a4 a5 17. bxa5 Qa7 18. Rab1 fxe4 19. fxe4 Rxf1+ 20. Kxf1 Rf8+ 21. Kg1 Bg4 22. Ng3 h5 23. h3 Bc8 24. Bg5 Rf7 25. c5 dxc5 26. d6 Nc6 27. Bc4 h4 28. Bxf7+ Kxf7 29. Qc4+ Be6 30. Rf1+ 1-0

[Event "Moscow Dokhoian Memorial Blitz"]
[Site "Moscow"]
[Date "2023.12.09"]
[Round "1"]
[White "Shuvalova, Polina"]
[Black "Borisova, Ekaterina"]
[Result "1-0"]
[WhiteElo "2475"]
[BlackElo "2168"]
[PlyCount "72"]
[EventDate "2023.12.09"]
[EventType "tourn (blitz)"]
[EventRounds "11"]
[EventCountry "RUS"]
[EventCategory "5"]
[SourceTitle "CB50_2023"]
[SourceDate "2023.12.13"]
[SourceVersion "1"]
[SourceVersionDate "2023.12.13"]
[SourceQuality "1"]

1. e4 g6 2. d4 Bg7 3. c3 c5 4. Nf3 d5 5. e5 Bg4 6. Bb5+ Nc6 7. 0-0 Nh6 8. Nbd2 cxd4 9. cxd4 0-0 10. h3 Bxf3 11. Nxf3 f6 12. exf6 exf6 13. Re1 Nf5 14. Qa4 Qb6 15. Bxc6 Qxc6 16. Qxc6 bxc6 17. b3 Rfe8 18. Bf4 Re4 19. Rxe4 dxe4 20. Nd2 Nxd4 21. Be3 f5 22. Rd1 a5 23. Nc4 c5 24. Nb6 Ra6 25. Na4 Rc6 26. Kf1 Bf6 27. Rc1 g5 28. Rxc5 Rxc5 29. Nxc5 Nc2 30. Bd2 Nb4 31. a3 Nc2 32. a4 Nd4 33. Bxa5 Be7 34. Bb6 f4 35. Nxe4 Nxb3 36. a5 Bc5 1-0

[Event "Khanty-Mansiysk Governor Cup Rapid"]
[Site "Khanty-Mansiysk"]
[Date "2023.11.27"]
[Round "6"]
[White "Borisova, Ekaterina"]
[Black "Zakhartsov, Vladimir"]
[Result "1/2-1/2"]
[WhiteElo "2168"]
[BlackElo "2525"]
[PlyCount "200"]
[EventDate "2023.11.26"]
[EventType "swiss (rapid)"]
[EventRounds "11"]
[EventCountry "RUS"]
[SourceTitle "CB49_2023"]
[SourceDate "2023.12.06"]
[SourceVersion "1"]
[SourceVersionDate "2023.12.06"]
[SourceQuality "1"]

1. d4 Nf6 2. c4 e6 3. g3 Bb4+ 4. Nd2 c5 5. a3 Bxd2+ 6. Qxd2 cxd4 7. Nf3 Qc7 8. Qxd4 Nc6 9. Qd3 b6 10. Bg2 d6 11. 0-0 Bb7 12. b3 0-0 13. Bb2 e5 14. Ng5 Rad8 15. Ne4 Nxe4 16. Bxe4 h6 17. Rad1 Na5 18. Bxb7 Nxb7 19. e4 a5 20. f4 Nc5 21. Qf3 f6 22. Rd5 Qc6 23. f5 b5 24. Bc1 bxc4 25. bxc4 Na4 26. Bd2 Nb6 27. Rxa5 Nxc4 28. Rd5 Nb6 29. Rc1 Qe8 30. Ra5 Kh7 31. Ra7 Rf7 32. Ra6 Rb8 33. Qh5 d5 34. Bxh6 Rfb7 35. Qxe8 Rxe8 36. Bd2 dxe4 37. Rb1 Rd7 38. Bb4 Nc4 39. Re1 Nd2 40. Bxd2 Rxd2 41. Ra4 Rc8 42. Raxe4 Ra2 43. Rh4+ Kg8 44. a4 Kf7 45. Rb1 Rc7 46. Rhb4 Rcc2 47. Rh4 Ke7 48. Rd1 Rc7 49. Rb1 Ra7 50. Rg4 Kf7 51. Rbb4 Rc7 52. Rb1 Rd7 53. Rc1 Ra7 54. Rcc4 Kg8 55. Rc8+ Kf7 56. Rcc4 Rd7 57. Rc1 Rdd2 58. Rh4 Ke7 59. Rb1 Kd6 60. Rb6+ Kd5 61. Rb5+ Kc6 62. Rb1 Rg2+ 63. Kh1 Rgf2 64. Rc1+ Kb6 65. Kg1 Rg2+ 66. Kh1 Rgd2 67. Kg1 Rab2 68. Rh8 Kb7 69. Rh7 Ka6 70. Rh8 Rd7 71. Rh4 Ka5 72. Rc5+ Kb6 73. Rc1 Rd4 74. Rh8 Ra2 75. Rb8+ Ka7 76. Rg8 Rd7 77. Rb1 Rxa4 78. Rb2 Ra6 79. Kf2 Rb6 80. Ra2+ Kb7 81. Rc2 Rc6 82. Ra2 Rc3 83. Kg2 Rdc7 84. Kh3 R3c4 85. Re8 Kc6 86. Rd2 Kc5 87. g4 Kb4 88. Kh4 Kc3 89. Rd6 Rd4 90. Rde6 Kd3 91. Kh5 Rf4 92. h4 Rcc4 93. g5 Rxf5 94. Kg6 Ke4 95. gxf6 gxf6 96. Rxf6 Rxf6+ 97. Kxf6 Kf4 98. h5 Rc6+ 99. Re6 Rxe6+ 100. Kxe6 Kg5 1/2-1/2

[Event "RUS-chT Rapid (Women)"]
[Site "Sochi"]
[Date "2023.10.18"]
[Round "4.12"]
[White "Kirdyashkina, Ekaterina"]
[Black "Borisova, Ekaterina"]
[Result "0-1"]
[WhiteElo "1882"]
[BlackElo "2168"]
[PlyCount "70"]
[EventDate "2023.10.18"]
[EventType "team-swiss (rapid)"]
[EventRounds "9"]
[EventCountry "RUS"]
[SourceTitle "Mega2024 Update 01"]
[Source "Chessbase"]
[SourceDate "2023.11.12"]
[SourceVersion "1"]
[SourceVersionDate "2023.11.12"]
[SourceQuality "1"]
[WhiteTeam "Rostov Nastavnik (W)"]
[BlackTeam "Moscow ShSM (W)"]
[WhiteTeamCountry "RUS"]
[BlackTeamCountry "RUS"]

1. e4 e5 2. Nf3 d6 3. Nc3 Nf6 4. Bc4 Be7 5. 0-0 0-0 6. d4 Nbd7 7. h3 c6 8. dxe5 dxe5 9. a4 Qc7 10. Qe2 h6 11. Nh4 Nc5 12. Qf3 Be6 13. Be2 Rad8 14. Be3 a5 15. Rad1 Na6 16. Qg3 Kh7 17. f4 Rxd1 18. Rxd1 exf4 19. Bxf4 Qb6+ 20. Kh2 Nb4 21. Bf3 Bc5 22. e5 Bf2 23. Be4+ Nxe4 24. Qf3 Nxc3 25. bxc3 Nd5 26. Qe4+ Kg8 27. Bxh6 Nxc3 28. Qf3 Nxd1 29. Bxg7 Bg1+ 30. Kh1 Nf2+ 31. Kxg1 Ng4+ 32. Kf1 Qb1+ 33. Ke2 Qxc2+ 34. Ke1 Qc1+ 35. Ke2 Bc4+ 0-1

[Event "RUS-ch Rapid (Women)"]
[Site "Sochi"]
[Date "2023.10.16"]
[Round "6"]
[White "Badelka, Olga"]
[Black "Borisova, Ekaterina"]
[Result "1-0"]
[WhiteElo "2386"]
[BlackElo "2168"]
[PlyCount "187"]
[EventDate "2023.10.15"]
[EventType "swiss (rapid)"]
[EventRounds "11"]
[EventCountry "RUS"]
[SourceTitle "Mega2024 Update 01"]
[Source "Chessbase"]
[SourceDate "2023.11.12"]
[SourceVersion "1"]
[SourceVersionDate "2023.11.12"]
[SourceQuality "1"]

1. Nf3 Nf6 2. g3 g6 3. c4 Bg7 4. d4 0-0 5. Bg2 d5 6. cxd5 Nxd5 7. 0-0 Bf5 8. Re1 Nb6 9. Nc3 Nc6 10. d5 Na5 11. e4 Bg4 12. h3 Bd7 13. e5 e6 14. Bg5 Qc8 15. Be7 Re8 16. Bb4 exd5 17. Bxa5 Nc4 18. Bb4 c5 19. Nxd5 cxb4 20. Rc1 Be6 21. Ng5 Qd8 22. Nxe6 fxe6 23. Nf6+ Bxf6 24. exf6 Qxd1 25. Rexd1 Nb6 26. Rc7 Rf8 27. Rg7+ Kh8 28. Rc1 Nd5 29. Bxd5 exd5 30. Rcc7 Rxf6 31. Rxh7+ Kg8 32. Rcg7+ Kf8 33. Rxb7 Kg8 34. Rbg7+ Kf8 35. g4 a5 36. g5 Rd6 37. Rd7 Rxd7 38. Rxd7 Rc8 39. Rxd5 a4 40. Rb5 Rc4 41. Kg2 Rd4 42. Ra5 b3 43. axb3 axb3 44. Rb5 Rd3 45. Rb6 Kg7 46. h4 Kh7 47. Rb7+ Kg8 48. Kf1 Rh3 49. Rb4 Kf7 50. Rf4+ Ke6 51. Ke2 Ke5 52. Rb4 Kf5 53. Kd2 Rf3 54. Ke2 Rh3 55. Rc4 Rh1 56. Rc5+ Kg4 57. Rc3 Kxh4 58. Rxb3 Kxg5 59. Rb8 Rb1 60. Kf3 Kf5 61. Rb5+ Kf6 62. b4 Rb2 63. Rb8 Kf5 64. b5 Rb3+ 65. Kg2 Kf6 66. b6 Kf7 67. f3 Kf6 68. Kg3 Rb4 69. Kf2 Rb3 70. Ke2 Kg7 71. f4 Kf6 72. Kd2 Kg7 73. Kc2 Rb4 74. Kc3 Rxf4 75. b7 Rf3+ 76. Kc4 Rf4+ 77. Kc5 Rf5+ 78. Kc6 Rf6+ 79. Kc7 Rf7+ 80. Kb6 Rf6+ 81. Ka7 Rf7 82. Rc8 Kf6 83. Kb6 Rxb7+ 84. Kxb7 Ke5 85. Kc6 g5 86. Rg8 Kf4 87. Kd5 g4 88. Kd4 Kf3 89. Kd3 g3 90. Kd2 Kf2 91. Rf8+ Kg1 92. Ke2 g2 93. Rg8 Kh2 94. Kf2 1-0